000 00663nam a2200265Ia 4500
005 20260121161334.0
008 008 260114s9999 xx 000 0 eng d
020 _a9781003505501
037 _aEBOOK
040 _aCRL
040 _beng
040 _cCRL
041 _2eng
041 _aeng
084 _qCRL
100 _aContemporary Perspectives on Childhood and Adolescence
_91043172
245 0 _aNamita Ranganathan
260 _bTaylor and Francis
260 _c2025
650 _aMental Health
_91043173
856 _uhttp://www.taylorfrancis.com/books/9781003505501
942 _cEBOOK
999 _c1609988
_d1609988